Normal view
MARC view
- Organic Chemistry
Entry Topical Term
001 - CONTROL NUMBER
- control field: 70384
003 - CONTROL NUMBER IDENTIFIER
- control field: OSt
005 - DATE AND TIME OF LATEST TRANSACTION
- control field: 20220806111840.0
008 - FIXED-LENGTH DATA ELEMENTS
- fixed length control field: 220806|| aca||aabn | a|a d
040 ## - CATALOGING SOURCE
- Original cataloging agency: OSt
- Transcribing agency: OSt
150 ## - HEADING--TOPICAL TERM
- Topical term or geographic name entry element: Organic Chemistry
670 ## - SOURCE DATA FOUND
- Source citation: Work cat.: (OSt)39423: Ghosh, S. K. 70383, Advance General Organic Chemisty: A Modern Approach, Vol. - Ii., 2013